Normal view
MARC view
- فوزي، فاروق عمر
Entry Personal Name
001 - CONTROL NUMBER
- control field: 62018
003 - CONTROL NUMBER IDENTIFIER
- control field: JO-AjAnu
005 - DATE AND TIME OF LATEST TRANSACTION
- control field: 20230606084130.0
008 - FIXED-LENGTH DATA ELEMENTS
- fixed length control field: 230606|| aca||aabn | a|a d
040 ## - CATALOGING SOURCE
- Original cataloging agency: JO-AjAnu
- Transcribing agency: JO-AjAnu
100 ## - HEADING--PERSONAL NAME
- Personal name: فوزي، فاروق عمر
670 ## - SOURCE DATA FOUND
- Source citation: Work cat.: (JO-AjAnu)31630: فوزي، فاروق عمر, author, الخلافة العباسية: السقوط والانهيار، ج2